000 00565nam a2200181Ia 4500
008 151202s9999||||xx |||||||||||||| ||und||
082 _bPNVM-36257
100 _aबहिरट भा.प.
245 _aभक्तिसाधना.
260 _b"मॅजेस्टिक प्रकाशन,गिरगाव."
260 _c1981
300 _a275
600 _aबहिरट भा.प.
630 _aभक्तिसाधना.
700 _aबहिरट भा.प.
730 _aभक्तिसाधना.
942 _cBOOK
999 _c1302209
_d1302206